Football Teams Victor Wanyama Played For - Statistics

General Stats
  • This quiz has been taken 14 times
  • The average score is 3 of 7
Answer Stats
League Years Team % Correct
England 2016-2020 Tottenham Hotspur
92%
Scotland 2011-2013 Celtic FC
75%
England 2013-2016 Southampton FC
50%
Kenya 2006-2007 AFC Leopards
17%
Belgium 2008-2011 Beerschot AC
17%
USA 2020- CF Montréal
17%
Sweden* 2007-2008 Helsingborgs IF U21
17%
No matching quizzes found
Score Distribution
Percent of People with Each Score
Percentile by Number Answered
Your Score History
You have not taken this quiz